Tolkien's Books Quiz Stats

 Plays Quiz not verified by Sporcle

Challenge
Share
Tweet
Embed
Score 0/22 Timer 05:00
0 Plays Today
Year Published Book % Correct
1937The Hobbit
98.2%
1977The Silmarillion
94%
1954-55The Lord of the rings
91.7%
1980Unfinished Tales
75.6%
2007The Children of Hurin
71.4%
1949Farmer Giles of Ham
61.3%
1983-96The History of Middle Earth
56%
1962The Adventures of Tom Bombadil
51.2%
1998Roverandom
49.4%
1975Sir Gawain and the Green Knight
47%
1964Tree and Leaf
44%
Year Published Book % Correct
1976Father Christmas Letters
43.5%
1981The Letters of J.R.R. Tolkien
42.9%
2009The Legend of Sigurd and Gudrun
42.3%
1982Mr. Bliss
39.9%
1967Smith of Wootten Major
35.7%
1966The Tolkien Reader
35.1%
1983The Monsters and the Critics
34.5%
2008Tales from the Perilous Realm
32.7%
1992Pictures by J.R.R. Tolkien
31%
2007The History of the Hobbit
31%
1982Finn and Hengist
29.2%

You're not logged in!

Compare scores with friends on all Sporcle quizzes.
Join for Free
OR
Log In

You Might Also Like...

Show Comments

Extras

Top Quizzes Today


Score Distribution

Your Account Isn't Verified!

In order to create a playlist on Sporcle, you need to verify the email address you used during registration. Go to your Sporcle Settings to finish the process.

Report this User

Report this user for behavior that violates our Community Guidelines.

Details: